|
|
|
|
| LEADER |
02761njm a2200601 a 4500 |
| 001 |
000810385 |
| 003 |
CZ BrMZK |
| 005 |
20210519213255.0 |
| 007 |
sd fsngnnmmned |
| 008 |
060302s2006 xr mu g de cze d |
| 015 |
|
|
|a cnb001644202
|
| 028 |
0 |
0 |
|a SU 3864-2
|b Supraphon
|
| 040 |
|
|
|a BOA001
|b cze
|
| 041 |
1 |
|
|e cze
|e eng
|e ger
|e fre
|g eng
|g ger
|g fre
|g cze
|
| 047 |
|
|
|a sy
|a sp
|a su
|
| 048 |
|
|
|a of01
|a ca01
|b vu03
|
| 072 |
|
7 |
|a 785
|x Instrumentální hudba. Symfonická hudba. Hudba pro více nástrojů
|2 Konspekt
|9 9
|
| 080 |
|
|
|a 78.082.1
|2 MRF
|
| 080 |
|
|
|a 785.11.04
|2 MRF
|
| 080 |
|
|
|a (086.76)
|2 MRF
|
| 100 |
1 |
|
|a Suk, Josef,
|d 1874-1935
|7 jn19990009999
|4 cmp
|
| 245 |
1 |
0 |
|a Asrael
|h [zvukový záznam].
|b A summer tale. The ripening. Epilogue. Fairy tale. Praga /
|c Josef Suk
|
| 260 |
|
|
|a Praha:
|b Supraphon,
|c p2006
|
| 300 |
|
|
|a 4 zvukové desky (242:20) :
|b digital, stereo ;
|c 12 cm +
|e 1 brožura (35 s.)
|
| 306 |
|
|
|a 005816
|a 010541
|a 010902
|a 003901
|
| 500 |
|
|
|a Kompaktní desky (DDD)
|
| 500 |
|
|
|a Kompilace
|
| 500 |
|
|
|a Původní fonogramy p1985, 1984, 1989, 1988 Supraphon
|
| 511 |
0 |
|
|a Zora Jedličková, soprán ; Ivan Kusnjer, baryton ; Jan Gála, bas. Česká filharmonie, dirigenti Václav Neumann, Libor Pešek ; Pražský filharmonický sbor, sbormistr Lubomír Mátl
|
| 546 |
|
|
|a Text v brožuře anglicky, německy, francouzsky a česky
|
| 650 |
0 |
4 |
|a sonáty (trubka, hoboj, varhany)
|
| 650 |
0 |
7 |
|a symfonie
|7 ph126358
|y Česko
|z 20. stol.
|2 czenas
|
| 650 |
0 |
7 |
|a symfonické básně
|7 ph126357
|z Česko
|y 20. stol.
|2 czenas
|
| 650 |
0 |
7 |
|a suity (symfonický orchestr)
|7 ph573150
|2 czenas
|
| 655 |
|
7 |
|a kompaktní desky
|7 fd201991
|2 czenas
|
| 700 |
1 |
2 |
|a Suk, Josef,
|d 1874-1935.
|t Asrael
|7 aun2006373529
|
| 700 |
1 |
2 |
|a Suk, Josef,
|d 1874-1935.
|t Pohádka léta
|7 aun2006373535
|
| 700 |
1 |
2 |
|a Suk, Josef,
|d 1874-1935.
|t Praga
|7 aun2006373537
|
| 700 |
1 |
2 |
|a Suk, Josef,
|d 1874-1935.
|t Zrání
|7 aun2006373538
|
| 700 |
1 |
2 |
|a Suk, Josef,
|d 1874-1935.
|t Pohádka.
|p O věrném milování Radúze a Mahuleny a jejich strastech
|7 aun2011632814
|
| 700 |
1 |
2 |
|a Suk, Josef,
|d 1874-1935.
|t Epilog
|7 aun2006373531
|
| 700 |
1 |
|
|a Neumann, Václav,
|d 1920-1995
|7 jn19990209586
|4 cnd
|
| 700 |
1 |
|
|a Pešek, Libor,
|d 1933-2022
|7 jn19990209648
|4 cnd
|
| 700 |
1 |
|
|a Jehličková, Zora,
|d 1950-
|7 jn20000710080
|4 sng
|
| 700 |
1 |
|
|a Kusnjer, Ivan,
|d 1951-
|7 jn99240000573
|4 sng
|
| 700 |
1 |
|
|a Galla, Ján,
|d 1955-
|7 xx0135013
|4 sng
|
| 700 |
1 |
|
|a Mátl, Lubomír,
|d 1941-2020
|7 jn19990209537
|4 cnd
|
| 710 |
2 |
|
|a Česká filharmonie
|7 kn20010710169
|
| 710 |
2 |
|
|a Pražský filharmonický sbor
|7 kn20010710280
|
| 910 |
|
|
|a BOA001
|b CD-0012.994
|
| 990 |
|
|
|a AV
|
| 991 |
|
|
|b 200603
|
| 996 |
6 |
|
|b 261H014287
|c CD-0012.994
|l MZK
|r Sklad / do 24 hodin
|n 1
|w 000810385
|u 000010
|a 1
|e BOA001
|j MZK50
|s P
|